Aktuálne trendy medzinárodnej marketingovej komunikácie na sociálnych sieťach so zameraním na metódu džiu-džicu a technológie spodnej vlny
Internet ako neoddeliteľná súčasť každodenného života ľudí, malých a stredných podnikov, ako aj nadnárodných korporácií. Progresívne metódy marketingovej komunikácie, ktorých podstatou sa stal internet. Internet ako ideálny priestor na reklamné vyjadrenie oslovujúce presne zvolenú cieľovú skupinu.
Gespeichert in:
| 1. Verfasser: | |
|---|---|
| Weitere Verfasser: | |
| Format: | Buchkapitel |
| Sprache: | Slowakisch |
| Schlagworte: | |
| Tags: |
Keine Tags, Fügen Sie das erste Tag hinzu!
|
MARC
| LEADER | 00000naa$a2200000$$$4500 | ||
|---|---|---|---|
| 001 | 0195966 | ||
| 005 | 20240502073312.1 | ||
| 041 | 0 | |a slo | |
| 044 | |a SK | ||
| 245 | 1 | 0 | |a Aktuálne trendy medzinárodnej marketingovej komunikácie na sociálnych sieťach so zameraním na metódu džiu-džicu a technológie spodnej vlny |c Otília Zorkóciová, Lucia Vanková |
| 520 | |a Internet ako neoddeliteľná súčasť každodenného života ľudí, malých a stredných podnikov, ako aj nadnárodných korporácií. Progresívne metódy marketingovej komunikácie, ktorých podstatou sa stal internet. Internet ako ideálny priestor na reklamné vyjadrenie oslovujúce presne zvolenú cieľovú skupinu. | ||
| 610 | 2 | 0 | |a marketing medzinárodný |
| 610 | 2 | 0 | |a komunikácia marketingová |
| 610 | 2 | 0 | |a internet |
| 610 | 2 | 0 | |a siete sociálne |
| 610 | 2 | 0 | |a kampane reklamné |
| 610 | 2 | 0 | |a reklama |
| 100 | 1 | |a Zorkóciová, Otília, 1954- | |
| 700 | 1 | |a Vanková, Lucia | |